50 Rap Artists By Album - Statistics

General Stats
  • This quiz has been taken 154 times
  • The average score is 23 of 50
Answer Stats
Album Artist % Correct
The Marshall Mathers LP Eminem
93%
The College Dropout Kanye West
93%
All Eyez On Me 2Pac
88%
Tha Carter III Lil Wayne
86%
Take Care Drake
85%
The Blueprint Jay-Z
85%
The Chronic Dr. Dre
82%
To Pimp a Butterfly Kendrick Lamar
82%
Get Rich or Die Tryin' 50 Cent
81%
Ready to Die The Notorious B.I.G.
81%
Straight Outta Compton N.W.A.
79%
Illmatic Nas
78%
2014 Forest Hills Drive J. Cole
74%
Flower Boy Tyler, the Creator
73%
____ystyle Snoop Dogg
65%
Enter the __-____ (36 Chambers) Wu-Tang Clan
65%
The Miseducation of ______ ____ Lauryn Hill
63%
Death Certificate Ice Cube
60%
Aquemini OutKast
60%
Invasion of Privacy Cardi B
59%
Pink Friday Nicki Minaj
59%
Because the Internet Childish Gambino
52%
Coloring Book Chance the Rapper
50%
The Low End Theory A Tribe Called Quest
44%
It Takes a Nation of Millions to Hold Us Back Public Enemy
41%
Paid In Full Eric B. & Rakim
39%
Licenced to Ill Beastie Boys
38%
Liquid Swords GZA
37%
Radio LL Cool J
34%
The Infamous Mobb Deep
34%
The Score Fugees
32%
Only Built 4 Cuban Linx Raekwon
31%
Supa Dupa Fly Missy Elliott
30%
___ ___ & _____ _____ Are Black Star Mos Def & Talib Kweli
29%
Capital Punishment Big Pun
23%
Raising Hell Run-D.M.C.
23%
___________y Madvillain
20%
King T.I.
19%
The Great Adventures of _____ ____ Slick Rick
18%
Hell Hath No Fury Clipse
16%
He's the DJ, I'm the Rapper DJ Jazzy Jeff & The Fresh Prince
16%
No Way Out Puff Daddy & the Family
16%
Things Fall Apart The Roots
16%
E. 1999 Eternal Bone Thugs-n-Harmony
15%
Bizarre Ride II ___ ________ The Pharcyde
15%
____ ______'s The Cool Lupe Fiasco
13%
Ridin' Dirty UGK
11%
Criminal Minded Boogie Down Productions
10%
We Can't Be Stopped Geto Boys
9%
Very Necessary Salt-N-Pepa
6%
No matching quizzes found
Score Distribution
Percent of People with Each Score
Percentile by Number Answered
Your Score History
You have not taken this quiz